Statistiques concernant Effectif du TFC (2023 - 2024)

Cliquez ici pour prendre le quiz!

Statistiques générales

  • Ce quiz a été pris 63 fois
  • Le résultat moyen est 20 sur 30

Statistiques - réponses

PosteNationalitéJoueur% Correct
GFranceGuillaume Restes
100%
APays-BasThijs Dallinga
93%
DCap-VertLogan Costa
91%
MSuisseVincent Sierro
89%
DDanemarkRasmus Nicolaisen
87%
DChiliGabriel Suazo
85%
MVenezuelaCristian Casseres
83%
DDanemarkMikkel Desler
83%
AMarocZakaria Aboukhlal
83%
MNorvègeAaron Donnum
80%
MPays-BasStijn Spierings
80%
ACamerounFrank Magri
78%
DMaliMoussa Diarra
78%
AFranceYann Gboho
78%
MAllemagneNiklas Schmidt
76%
DFranceChristian Mawissa
74%
GEspagneAlex Dominguez
70%
MEspagneCésar Gelabert
70%
DNorvègeWarren Kamanzi
70%
MAustralieDenis Genreau
67%
MFinlandeNaatan Skyttä
67%
DCamerounKévin Keben
59%
AGuinéeIbrahim Cissoko
52%
MGabonShavy Babicka
48%
GFranceThomas Himeur
43%
GFranceJustin Lacombe
39%
MFranceNoah Lahmadi
39%
AFranceNoah Edjouma
26%
DFranceYlies Aradj
26%
AFranceBonota Traoré
20%

Distribution des résultats

Percentile par nombre de réponses

% des personnes avec chaque résultat

Votre développement - résultats

Vous n’avez pas pris ce quiz